[Event "TVCC"]
[Site "Boise, ID"]
[Date "2013.06.08"]
[Round "1.3"]
[White "Hunter, Roger J"]
[Black "Booth, Tom R"]
[Result "0-1"]
[WhiteElo "1000"]
[BlackElo "1593"]
[EventRounds "4"]
[EventCountry "USA"]

1. e4 e6 2. d4 d5 3. e5 c5 4. c3 Nc6 5. Nf3 Nge7 6. Bb5 Bd7 7. O-O cxd4 8.
cxd4 Nf5 9. Nc3 Be7 10. Bf4 O-O 11. Qd2 a6 12. Ba4 b5 13. Bc2 Na5 14. b3 Rc8
15. Bg5 Bxg5 16. Nxg5 Qc7 17. Bxf5 Qxc3 18. Qxc3 Rxc3 19. Bh3 Rfc8 20. Bg4 Rc2
21. Rfe1 h6 22. Nh3 Nc6 23. Red1 Nb4 24. a4 bxa4 25. bxa4 a5 26. g3 R8c7 27.
Kf1 Bc8 28. Be2 Ba6 29. Bxa6 Nxa6 30. Nf4 Nb4 31. Kg2 Rb2 32. Rac1 Rxc1 33.
Rxc1 Rc2 34. Rxc2 Nxc2 35. Ne2 Kf8 36. Nc1 Nxd4 37. Nb3 Nxb3 38. Kf3 Nc5 {#R}
0-1

[Event "TVCC"]
[Site "Boise, ID"]
[Date "2013.06.08"]
[Round "2.4"]
[White "Blake, Isaac"]
[Black "Hunter, Roger J"]
[Result "1-0"]
[WhiteElo "1000"]
[BlackElo "1000"]
[EventRounds "4"]
[EventCountry "USA"]

1. Nf3 d5 2. d3 Nf6 3. Nbd2 e6 4. e3 Bd6 5. g3 O-O 6. Bg2 Nc6 7. O-O Bc5 8.
Re1 d4 9. e4 e5 10. c3 Bg4 11. h3 Bh5 12. b4 Bd6 13. g4 Bg6 14. cxd4 Bxb4 15.
dxe5 Nxe5 16. Nxe5 Qd4 17. Rb1 Bxd2 18. Nxg6 Bxe1 19. Ne7+ Kh8 20. Qxe1 Rfe8
21. Nf5 Qxd3 22. Rb4 Re6 23. e5 Rae8 24. Bf4 b6 25. Bf1 Qc2 26. Bc4 Rc6 27.
Bxf7 Rd8 28. Bb3 Qd3 29. exf6 Qxh3 30. fxg7# 1-0

[Event "TVCC"]
[Site "Boise, ID"]
[Date "2013.06.08"]
[Round "3.4"]
[White "Hunter, Roger J"]
[Black "Buus, Jarod N"]
[Result "0-1"]
[WhiteElo "1000"]
[BlackElo "1201"]
[EventRounds "4"]
[EventCountry "USA"]

1. e4 c5 2. Nc3 d6 3. Nf3 a6 4. g3 Nc6 5. Bg2 Bg4 6. Bh3 Bxh3 7. Ng5 Qd7 8. f3
h6 9. Nxh3 Qxh3 10. Nd5 Qc8 11. Nb6 Qb8 12. Nxa8 Qxa8 13. b3 e5 14. Bb2 Nf6
15. Qe2 Nb4 16. Qc4 b5 17. Qc3 Be7 18. a3 Nc6 19. O-O-O b4 20. Qe3 bxa3 21.
Bxa3 O-O 22. h3 Rb8 23. g4 Nd7 24. Rhf1 Bg5 25. Qd3 Nd4 26. Kb2 Nf8 27. h4
Bxh4 28. f4 exf4 29. Rxf4 Bf6 30. Rxf6 gxf6 31. Rf1 Kg7 32. Qe3 Nfe6 33. Rh1
Ng5 34. Qf4 Qxe4 35. Qxe4 Nxe4 36. d3 Ng5 37. Kc3 Nb5+ 38. Kb2 Nxa3 39. Kxa3
Kg6 40. Rf1 Rb4 41. c4 Ne6 42. Re1 Nd4 43. Re7 Rxb3+ 44. Ka2 Rxd3 45. Ra7 Nc2
46. Kb2 Nb4 47. Rd7 d5 48. cxd5 Rxd5 49. Rc7 Rd4 50. Rxc5 {#R} 0-1

[Event "TVCC"]
[Site "Boise, ID"]
[Date "2013.06.08"]
[Round "4.4"]
[White "Hunter, Roger J"]
[Black "Ong, Chong-Jin"]
[Result "0-1"]
[WhiteElo "1000"]
[BlackElo "1592"]
[EventRounds "4"]
[EventCountry "USA"]

1. e4 c6 2. d4 d5 3. exd5 cxd5 4. Nf3 Bg4 5. h3 Bxf3 6. Qxf3 Nf6 7. Bb5+ Nc6
8. O-O e6 9. Bg5 Be7 10. Nc3 O-O 11. Bxc6 bxc6 12. a3 a5 13. a4 h6 14. Bh4 Nd7
15. Bxe7 Qxe7 16. Rfe1 Qb4 17. b3 c5 18. dxc5 Qxc5 19. Rac1 Nf6 20. g3 Rac8
21. Ne2 Ne4 22. Nf4 Rc6 23. Nh5 g6 24. Nf6+ Nxf6 25. Qxf6 Qc3 26. Qf4 Kg7 27.
Re3 Qd2 28. Rce1 Qxc2 29. R1e2 Qc5 30. h4 Qa7 31. Qe5+ f6 32. Qb2 e5 33. Rc3
Rfc8 34. Rxc6 Rxc6 35. Rc2 Qc7 36. Rd2 d4 37. g4 Rc3 38. Kg2 Qc6+ 39. Kf1 Rc1+
40. Ke2 Qe4# 0-1

[Event "ICA Summer Classic (Reserve)"]
[Site "Boise, ID"]
[Date "2013.08.17"]
[Round "1.3"]
[White "Porth, Adam"]
[Black "Hunter, Roger J"]
[Result "1-0"]
[WhiteElo "1287"]
[BlackElo "843"]
[EventRounds "5"]
[EventCountry "USA"]

1. e4 e5 2. Nf3 Nc6 3. d4 exd4 4. Bc4 h6 5. c3 dxc3 6. Nxc3 Bc5 7. Bxf7+ Kxf7
8. Qd5+ Ke8 9. Qh5+ Kf8 10. Qxc5+ d6 11. Qe3 a6 12. O-O Be6 13. a3 Qf6 14. Nd5
Bxd5 15. exd5 Re8 16. Qb3 Na5 17. Qc2 c6 18. dxc6 bxc6 19. Bd2 Qd8 20. Bxa5
Qxa5 21. Qxc6 Rd8 22. Nh4 Ne7 23. Qf3+ Ke8 24. Rfe1 Qg5 25. g3 Rf8 26. Qc6+
Rd7 27. Rad1 Qf6 28. Rd2 Kd8 29. Qb6+ Ke8 30. Qxa6 Kf7 31. Qc4+ Ke8 32. b4 d5
33. Qb5 Qd6 34. a4 Rf6 35. a5 Kf7 36. Qd3 Qxb4 37. a6 Qc5 38. Nf3 Nc6 39. Qe3
Qxe3 40. Rxe3 Nb4 41. Ne5+ Ke7 42. Nxd7+ Kxd7 43. a7 {#r} 1-0

[Event "ICA Summer Classic (Reserve)"]
[Site "Boise, ID"]
[Date "2013.08.18"]
[Round "4.3"]
[White "Fortune, Barbara Mary"]
[Black "Hunter, Roger J"]
[Result "0-1"]
[WhiteElo "927"]
[BlackElo "843"]
[EventRounds "5"]
[EventCountry "USA"]

1. d4 Nf6 2. c4 e6 3. Nc3 b6 4. Nf3 Bb7 5. Bg5 h6 6. Bh4 g5 7. Bg3 d6 8. e3
Bg7 9. Bd3 Qe7 10. O-O Nbd7 11. Nb5 Qd8 12. Re1 Bc6 13. Nc3 a6 14. e4 O-O 15.
e5 Nh5 16. exd6 Nxg3 17. fxg3 cxd6 18. d5 exd5 19. cxd5 Bb7 20. Qc2 Nf6 21.
Ne4 Nxe4 22. Bxe4 Rc8 23. Bh7+ Kh8 24. Qf5 Qf6 25. Nxg5 Qxf5 26. Bxf5 hxg5 27.
Rad1 Rcd8 28. h3 Rde8 29. Rxe8 Rxe8 30. Rd4 Bxd4+ 31. Kh2 Bxd5 32. b3 Re2 33.
h4 gxh4 34. g4 Bxg2 35. g5 Be4+ 36. Kh3 Bxf5+ 37. Kxh4 Bg6 38. a4 Re4+ 39. Kg3
Be5+ 40. Kf3 d5 41. b4 Rxb4 42. Ke3 d4+ 43. Kf3 d3 44. Ke3 Bd4+ 45. Kd2 Rb2+
46. Kc1 Rh2 47. a5 bxa5 48. Kd1 Bh5+ 49. Kc1 d2+ 50. Kc2 d1=Q# 0-1

[Event "ICA Summer Classic (Reserve)"]
[Site "Boise, ID"]
[Date "2013.08.18"]
[Round "5.2"]
[White "Schwab, Kyle J"]
[Black "Hunter, Roger J"]
[Result "1-0"]
[WhiteElo "944"]
[BlackElo "843"]
[EventRounds "5"]
[EventCountry "USA"]

1. e4 e5 2. Nf3 Nc6 3. d4 exd4 4. Nxd4 Bc5 5. Nxc6 bxc6 6. Bc4 Qf6 7. O-O Ne7
8. Qe2 O-O 9. Nc3 Bb7 10. e5 Qh4 11. Ne4 h6 12. Nxc5 Rab8 13. Nxd7 Rbd8 14.
Nxf8 Kxf8 15. Rd1 Nd5 16. Bxd5 cxd5 17. Qf3 Re8 18. Re1 Bc8 19. Bf4 c6 20. Qg3
Qd8 21. Qa3+ Re7 22. e6 Bxe6 23. Bd6 {#r} 1-0

[Event "ICA PM (Reserve)"]
[Site "Boise, ID"]
[Date "2013.09.21"]
[Round "1.2"]
[White "Hunter, Roger J"]
[Black "Porth, Adam"]
[Result "0-1"]
[WhiteElo "843"]
[BlackElo "1345"]
[EventRounds "5"]
[EventCountry "USA"]

1. e4 e6 2. d4 d5 3. e5 c5 4. Nf3 Nc6 5. Be3 a6 6. g3 Nge7 7. dxc5 Nf5 8. c3
Nxe3 9. fxe3 Bxc5 10. Qd3 Qb6 11. Nd4 Qxb2 12. Nb3 Nxe5 13. Qd2 Nf3+ {#R} 0-1

[Event "ICA PM (Reserve)"]
[Site "Boise, ID"]
[Date "2013.09.21"]
[Round "2.4"]
[White "Pelton, Reid"]
[Black "Hunter, Roger J"]
[Result "0-1"]
[WhiteElo "541"]
[BlackElo "843"]
[EventRounds "5"]
[EventCountry "USA"]

1. e4 e5 2. Nf3 Nc6 3. Nc3 Bc5 4. Bb5 a6 5. Bxc6 dxc6 6. O-O Nf6 7. d3 O-O 8.
Bg5 Qd6 9. Bxf6 Qxf6 10. Qd2 h6 11. Rad1 Bg4 12. Ne2 Rad8 13. Rfe1 Bxf3 14.
gxf3 Qxf3 15. Rf1 Rd6 16. Nc3 Rg6+ 17. Qg5 Rxg5# 0-1

[Event "ICA PM (Reserve)"]
[Site "Boise, ID"]
[Date "2013.09.21"]
[Round "3.3"]
[White "Hunter, Roger J"]
[Black "Roberts, Zane A"]
[Result "0-1"]
[WhiteElo "843"]
[BlackElo "1237"]
[EventRounds "5"]
[EventCountry "USA"]

1. e4 c5 2. Nf3 g6 3. c3 Bg7 4. d4 cxd4 5. cxd4 d5 6. e5 Nc6 7. Be3 Bf5 8. Be2
Qb6 9. Nc3 e6 10. Qb3 Qxb3 11. axb3 a6 12. O-O Nge7 13. h3 Nb4 14. Bd1 O-O 15.
Ra4 Nec6 16. Nh4 Bd3 17. Re1 Rfc8 18. Na2 Bf8 19. Bd2 Nxa2 20. Rxa2 Nxd4 21.
Bc3 Nc6 22. Nf3 Bg7 23. b4 Bf8 24. Be2 Bxe2 25. Rxe2 Nxb4 26. Bxb4 Bxb4 27.
Kf1 Rc1+ 28. Ne1 Rxe1+ 29. Rxe1 Bxe1 30. Kxe1 Rc8 31. f3 Rc2 32. g4 {#R} 0-1

[Event "ICA PM (Reserve)"]
[Site "Boise, ID"]
[Date "2013.09.22"]
[Round "4.4"]
[White "Blake, Isaac RR"]
[Black "Hunter, Roger J"]
[Result "1-0"]
[WhiteElo "871"]
[BlackElo "843"]
[EventRounds "5"]
[EventCountry "USA"]

1. Nf3 d5 2. d3 Nc6 3. Nbd2 Nf6 4. g3 h6 5. Bg2 e6 6. O-O Bc5 7. Qe1 O-O 8. e4
Nb4 9. Qd1 dxe4 10. dxe4 Re8 11. e5 Nfd5 12. a3 Nc6 13. c4 Nde7 14. b4 Bd4 15.
Nxd4 Nxd4 16. Bb2 Rb8 17. Nf3 Nxf3+ 18. Bxf3 c6 19. c5 Qd7 20. Qd6 Qxd6 21.
exd6 Nd5 22. Be5 b6 23. d7 Bxd7 24. Bxb8 Rxb8 25. Bxd5 exd5 26. Rfe1 Bg4 27.
Re7 a5 28. bxa5 bxa5 29. Rc7 {#r} 1-0

[Event "ICA PM (Reserve)"]
[Site "Boise, ID"]
[Date "2013.09.22"]
[Round "5.5"]
[White "Porth, Darwin Albert"]
[Black "Hunter, Roger J"]
[Result "0-1"]
[WhiteElo "495"]
[BlackElo "843"]
[EventRounds "5"]
[EventCountry "USA"]

1. e4 e5 2. Nf3 Nc6 3. Nc3 Bc5 4. Bc4 Nf6 5. O-O h6 6. Nxe5 Nxe5 7. d4 Bd6 8.
dxe5 Bxe5 9. Be3 d6 10. Qd2 O-O 11. Bf4 Bxc3 12. Qxc3 Nxe4 13. Rfe1 Nxc3 14.
bxc3 Re8 15. Kf1 Rxe1+ 16. Rxe1 Be6 17. Bxe6 fxe6 18. Rxe6 Qd7 19. Re1 Re8 20.
Be3 Kf7 21. a4 Qxa4 22. Bd4 Rxe1+ 23. Kxe1 a6 24. c4 Qxc4 25. c3 a5 26. g4 g6
27. f3 a4 28. h4 h5 29. gxh5 gxh5 30. Kf2 a3 31. Kg3 a2 32. Kf4 a1=Q 33. Kg5
Qd5+ 34. Kh6 Qe6+ 35. Kg5 Qc1+ 36. Be3 Qcxe3+ 37. Kxh5 Q3e5# 0-1

[Event "BCC Inaugural"]
[Site "Boise, ID"]
[Date "2014.03.08"]
[Round "1.4"]
[White "Hunter, Roger J"]
[Black "Lang, Jamie"]
[Result "0-1"]
[WhiteElo "940"]
[BlackElo "1486"]

1. e4 e5 2. Nf3 Nc6 3. d4 d6 4. d5 Nb8 5. Nc3 c6 6. dxc6 Nxc6 7. Bb5 a6 8. Bc4
Nf6 9. Bg5 Be7 10. Nd5 Nxe4 11. Bxe7 Nxe7 12. Qe2 Nxd5 13. Bxd5 Qa5+ 14. c3
Qxd5 15. O-O O-O 16. Rad1 Qc6 17. Rfe1 Nf6 18. h3 Be6 19. Ng5 Bxa2 20. Qd3 h6
21. Ne4 Nxe4 22. Rxe4 Rad8 23. Ra1 Be6 24. f3 Bf5 25. Rae1 d5 {#R} 0-1

[Event "BCC Inaugural"]
[Site "Boise, ID"]
[Date "2014.03.08"]
[Round "3.5"]
[White "Hill, Elijah Andrew"]
[Black "Hunter, Roger J"]
[Result "1-0"]
[WhiteElo "1126"]
[BlackElo "940"]

1. d4 Nf6 2. c4 e6 3. Nf3 d5 4. Bg5 h6 5. Bh4 Be7 6. Nc3 Bb4 7. Qc2 Qd6 8.
Bxf6 Bxc3+ 9. Qxc3 gxf6 10. e3 Nc6 11. c5 Qe7 12. Bd3 e5 13. dxe5 fxe5 14. e4
d4 15. Qc2 Rg8 16. O-O Bg4 17. Be2 O-O-O 18. Kh1 Bxf3 19. Bxf3 Rg7 20. Rad1
Rg5 21. a3 Rdg8 22. Rg1 h5 23. b4 Qe6 24. Rc1 Kb8 25. b5 Na5 26. Qa4 Nb3 27.
Rc2 d3 28. Rc3 Nd2 29. Rxd3 Nxf3 30. Rxf3 Qg4 31. Rg3 Qe2 32. Rd1 Rxg3 33.
fxg3 Kc8 34. b6 a6 35. Qd7+ {#r} 1-0

[Event "BCC Inaugural"]
[Site "Boise, ID"]
[Date "2014.03.08"]
[Round "4.5"]
[White "Booth, Tom R"]
[Black "Hunter, Roger J"]
[Result "1-0"]
[WhiteElo "1638"]
[BlackElo "940"]

1. d4 Nf6 2. c4 e6 3. Nc3 d5 4. Bg5 h6 5. Bh4 Bb4 6. e3 Bxc3+ 7. bxc3 Qe7 8.
Nf3 Qa3 9. Qc1 Qxc1+ 10. Rxc1 Ne4 11. Bd3 g5 12. Bg3 Nxg3 13. hxg3 f6 14. Bg6+
Ke7 15. cxd5 exd5 16. c4 Be6 17. cxd5 Bxd5 18. Rxc7+ Kd6 19. Rc2 g4 20. Nh4
Na6 21. a3 Rac8 22. Rxc8 Rxc8 23. Kd2 Rc4 24. Bc2 b5 25. Bb3 Rc7 26. Bxd5 Kxd5
27. Rb1 Rb7 28. Nf5 b4 29. e4+ Kxe4 30. Nd6+ {#r} 1-0

[Event "BCC #2"]
[Site "Boise, ID"]
[Date "2014.04.12"]
[Round "1.5"]
[White "Tatom, Gene"]
[Black "Hunter, Roger J"]
[Result "1-0"]
[WhiteElo "1617"]
[BlackElo "926"]

1. c4 e5 2. g3 Nf6 3. Bg2 c6 4. b3 d5 5. Bb2 Bd6 6. h3 O-O 7. d3 Re8 8. e3 d4
9. e4 Nbd7 10. Nf3 b5 11. Nbd2 Ba6 12. O-O bxc4 13. bxc4 Rb8 14. Nb3 Nc5 15.
Qc2 Na4 16. Rfb1 Bb4 17. Nbxd4 exd4 18. Qxa4 Bc3 19. Bxc3 dxc3 20. Qc2 Qa5 21.
Rc1 Qc5 22. Qxc3 Nh5 23. d4 Qe7 24. e5 f6 25. Re1 fxe5 26. Nxe5 Qf6 27. Qf3
Qg5 28. Rad1 Rf8 29. Qe3 Qxe3 30. Rxe3 Rb2 31. Rf3 Rxf3 32. Bxf3 Nf6 33. Nxc6
Rxa2 34. Nb4 Ra4 35. Nxa6 Rxa6 36. d5 Kf8 37. c5 Ke7 38. Re1+ Kd8 39. c6 Kc7
40. Re7+ Kd6 41. Re6+ Kc7 42. d6+ Kd8 43. Re7 Rxc6 44. Bxc6 a5 45. Ra7 {#r}
1-0

[Event "BCC #2"]
[Site "Boise, ID"]
[Date "2014.04.12"]
[Round "2.6"]
[White "Hunter, Roger J"]
[Black "Harris, Hank"]
[Result "1-0"]
[WhiteElo "926"]
[BlackElo "1489"]

1. e4 g6 2. d4 Bg7 3. Nf3 d6 4. c3 e6 5. Bc4 Ne7 6. O-O Nd7 7. Bf4 c6 8. Bxd6
Nb6 9. Bxe7 Qxe7 10. Bb3 O-O 11. Qe2 g5 12. h3 Kh8 13. e5 a5 14. a4 Nd7 15.
Nbd2 b5 16. c4 b4 17. c5 Rg8 18. Bc4 Nf8 19. Ne4 h6 20. Qe3 f5 21. Nd6 Ba6 22.
Bxa6 Rxa6 23. b3 Ng6 24. Qd3 Raa8 25. g4 Nf4 26. Qc2 Nxh3+ 27. Kg2 fxg4 28.
Kg3 gxf3 29. Qg6 Raf8 30. Kxh3 {(Time Forfeit)} {#r} 1-0

[Event "BCC #2"]
[Site "Boise, ID"]
[Date "2014.04.12"]
[Round "3.5"]
[White "Amen, Chris"]
[Black "Hunter, Roger J"]
[Result "0-1"]
[WhiteElo "1482"]
[BlackElo "926"]

1. e4 e5 2. Nf3 Nc6 3. Bb5 a6 4. Ba4 Nf6 5. O-O Bc5 6. c3 Nxe4 7. d4 Bd6 8.
Bxc6 dxc6 9. dxe5 Bc5 10. Qxd8+ Kxd8 11. Be3 Re8 12. Bxc5 Nxc5 13. Re1 Be6 14.
Nbd2 Ke7 15. Re3 Rad8 16. Nd4 Rd7 17. N2f3 h6 18. Nxe6 Nxe6 19. Rae1 Red8 20.
b4 Rd1 21. a4 c5 22. b5 Rxe1+ 23. Rxe1 axb5 24. axb5 b6 25. g3 Rd3 26. Re3
Rxe3 27. fxe3 f6 28. Kf2 fxe5 29. Nxe5 Kd6 30. Nc4+ Kd5 31. Na3 c4 32. Kf3 Nc5
33. Kf4 Na4 34. e4+ Kc5 35. Kf5 Nxc3 36. e5 Nd5 37. Kg6 c3 38. Kxg7 Kb4 39.
Nc2+ Kb3 40. Nd4+ Kc4 41. Nc2 Kxb5 42. e6 Kc5 43. Kxh6 b5 44. Kg6 b4 45. h4 b3
46. Ne1 c2 47. Nxc2 bxc2 48. h5 c1=Q 49. g4 Qc2+ 50. Kh6 Qe4 {#R} 0-1

[Event "BCC #2"]
[Site "Boise, ID"]
[Date "2014.04.12"]
[Round "4.3"]
[White "Hunter, Roger J"]
[Black "Hamilton, Brett B"]
[Result "0-1"]
[WhiteElo "926"]
[BlackElo "1700"]

1. e4 e5 2. Nf3 Nc6 3. d4 exd4 4. Nxd4 d5 5. exd5 Nxd4 6. Qxd4 Nf6 7. Bg5 Be7
8. Bc4 O-O 9. O-O Nxd5 10. Bxe7 Nxe7 11. Qf4 Ng6 12. Qd2 Qh4 13. Bd3 Nf4 14.
g3 Nh3+ 15. Kg2 Qf6 16. Nc3 Ng5 17. Qf4 Bh3+ 18. Kg1 Nf3+ 19. Kh1 Qxf4 20.
gxf4 Bxf1 21. Bxf1 c6 22. Kg2 Nd4 23. Bd3 Ne6 24. Kf3 Rad8 25. Rg1 Nd4+ 26.
Kg3 f5 27. h4 b5 28. h5 Rfe8 29. h6 g6 30. a4 b4 31. Bc4+ Kf8 {#R} 0-1

[Event "Southern Idaho Open (Reserve)"]
[Site "Twin Falls, ID"]
[Date "2014.11.08"]
[Round "1.2"]
[White "Simonson, Jay L"]
[Black "Hunter, Roger J"]
[Result "0-1"]
[WhiteElo "771"]
[BlackElo "1101"]
[EventRounds "4"]
[EventCountry "USA"]

1. e4 e5 2. Nf3 Nc6 3. Bc4 Bc5 4. O-O h6 5. Nc3 Nf6 6. d3 O-O 7. Nh4 Bd4 8.
Bd2 Bxc3 9. Bxc3 Nxe4 10. dxe4 Qxh4 11. Qd5 d6 12. g3 Qg4 13. Rfe1 Be6 14. Be2
Qg5 15. Qd3 Bh3 16. a3 Qf6 17. Bf1 Qe6 18. Qd5 Bxf1 19. Rxf1 Rfe8 20. Qxe6
Rxe6 21. Rad1 Rf8 22. Rd3 f5 23. exf5 Rxf5 24. Re1 e4 25. Rde3 d5 26. Rd1 Rd6
27. Kg2 d4 28. Bxd4 Nxd4 29. Rxe4 Nxc2 30. Rxd6 cxd6 31. Re8+ Kh7 32. Re7 Rb5
33. b4 Nxa3 34. Re4 d5 35. Rd4 Nc2 36. Rf4 Nxb4 37. h3 a5 38. Rd4 a4 39. Rd1
a3 40. Ra1 Ra5 41. Kf1 a2 42. Ke2 Nc2 43. Rxa2 Rxa2 44. Kd3 Ne1+ 45. Kd4 Rxf2
46. Kxd5 Rf3 47. Kc5 Rxg3 48. Kb6 Rxh3 49. Kxb7 g5 50. Kc6 g4 51. Kd5 g3 52.
Ke4 g2 {#R} 0-1

[Event "Southern Idaho Open (Reserve)"]
[Site "Twin Falls, ID"]
[Date "2014.11.08"]
[Round "2.1"]
[White "Hunter, Roger J"]
[Black "Porth, Desmond"]
[Result "0-1"]
[WhiteElo "1101"]
[BlackElo "1308"]
[EventRounds "4"]
[EventCountry "USA"]

1. e4 c6 2. d4 d5 3. e5 Bf5 4. Bd3 Bxd3 5. Qxd3 e6 6. Nf3 Nd7 7. O-O c5 8. c3
Ne7 9. Re1 Nc8 10. Bf4 Ncb6 11. b3 a5 12. Nbd2 a4 13. c4 axb3 14. axb3 Be7 15.
cxd5 Nxd5 16. Bg3 N7b6 17. Qb5+ Qd7 18. Qxd7+ Kxd7 19. h3 Nb4 20. Rxa8 Rxa8
21. Rc1 Ra5 22. Nc4 Nxc4 23. bxc4 Nc6 24. Rd1 Kc7 25. d5 exd5 26. Rxd5 Kc8 27.
Bf4 Ra4 28. Ng5 Rxc4 29. Be3 Nb4 30. Rd1 Bxg5 31. Bxg5 Rd4 32. Re1 Nd3 33. Re2
Rd5 34. f4 h6 35. Bxh6 gxh6 36. g3 c4 37. Kf1 b5 38. Rc2 Kc7 39. Ke2 Kc6 40.
Ke3 Kc5 41. g4 b4 42. g5 hxg5 43. fxg5 Rxe5+ 44. Kd2 Kd4 45. h4 c3+ {#R} 0-1

[Event "Southern Idaho Open (Reserve)"]
[Site "Twin Falls, ID"]
[Date "2014.11.08"]
[Round "3.2"]
[White "Crowson, Keegan D"]
[Black "Hunter, Roger J"]
[Result "0-1"]
[WhiteElo "457"]
[BlackElo "1101"]
[EventRounds "4"]
[EventCountry "USA"]

1. e4 e5 2. Nf3 Nc6 3. c3 Nf6 4. d4 Nxe4 5. d5 Ne7 6. Nxe5 d6 7. Bd3 dxe5 8.
Qa4+ Bd7 9. Qxe4 f6 10. O-O Bf5 11. Qf3 Bxd3 12. Qxd3 Qd6 13. c4 O-O-O 14. Nc3
a6 15. Be3 b6 16. Ne4 Qc6 17. c5 Rxd5 18. Qxa6+ Qb7 19. Qxb7+ Kxb7 20. g3 Nf5
21. cxb6 Nxe3 22. fxe3 cxb6 23. Rac1 Be7 24. Rc2 Rc8 25. Nc3 Rd3 26. e4 Bc5+
27. Kg2 Bb4 28. Nd5 Rxc2+ 29. Rf2 Rxf2+ 30. Kxf2 Bc5+ 31. Ke2 Rd4 32. b4 Bxb4
33. Nxb4 Rxb4 34. Kf3 Rb2 35. h4 Rxa2 36. Kg4 g6 37. h5 b5 38. hxg6 hxg6 39.
Kh4 b4 40. g4 b3 41. g5 fxg5+ 42. Kxg5 b2 43. Kf6 Ra5 44. Kxg6 b1=Q 45. Kf6
Qf1+ {#R} 0-1

[Event "Southern Idaho Open (Reserve)"]
[Site "Twin Falls, ID"]
[Date "2014.11.08"]
[Round "4.2"]
[White "Murphy, Andre R"]
[Black "Hunter, Roger J"]
[Result "0-1"]
[WhiteElo "988"]
[BlackElo "1101"]
[EventRounds "4"]
[EventCountry "USA"]

1. c4 e5 2. g3 Nf6 3. Bg2 Bc5 4. Nc3 c6 5. e3 O-O 6. Nge2 d6 7. d4 exd4 8.
exd4 Bb6 9. O-O h6 10. Nf4 Re8 11. Re1 c5 12. d5 Bf5 13. Rxe8+ Qxe8 14. Qe2
Nbd7 15. Qxe8+ Rxe8 16. Be3 Ne5 17. b3 g5 18. Nfe2 Ba5 19. f3 Bd3 20. Rc1 Bxe2
21. Nxe2 Nd3 22. Rb1 Rxe3 23. Kf1 g4 24. f4 Ne4 25. Bxe4 Rxe4 26. b4 Bb6 27.
a3 Rxc4 28. Rb3 Nxf4 29. gxf4 cxb4 30. Rxb4 Rxb4 31. axb4 a5 32. bxa5 Bxa5 33.
Nd4 b6 34. Nb3 Kg7 35. Kg2 Kf6 36. Kg3 Kf5 37. Nd4+ Ke4 38. Nb5 Kxd5 39. Kxg4
Kc5 40. Kf5 Kxb5 41. Kf6 Bc3+ 42. Kxf7 d5 43. h4 d4 44. f5 d3 45. h5 d2 46.
Kg6 d1=Q 47. Kxh6 Qd6+ 48. Kh7 Qd7+ 49. Kh6 Qg7# 0-1

[Event "BCC #5"]
[Site "Boise, ID"]
[Date "2014.11.22"]
[Round "1.5"]
[White "Sanderson, Kenneth"]
[Black "Hunter, Roger J"]
[Result "0-1"]
[WhiteElo "1577"]
[BlackElo "1101"]
[EventRounds "4"]
[EventCountry "USA"]

1. e4 e5 2. Nf3 Nc6 3. Bb5 a6 4. Ba4 Be7 5. c3 b5 6. Bc2 Nf6 7. O-O O-O 8. d4
exd4 9. cxd4 Nb4 10. e5 Nxc2 11. Qxc2 Nd5 12. Nc3 Bb7 13. Nxd5 Bxd5 14. Bf4
Bxf3 15. gxf3 Bg5 16. Qd2 Bxf4 17. Qxf4 Re8 18. Rac1 Re6 19. Kh1 c6 20. Rg1
Rg6 21. Rg4 Rxg4 22. fxg4 h6 23. Rc3 Qg5 24. Qxg5 hxg5 25. Ra3 Kf8 26. Kg2 Ke7
27. Kf3 Ke6 28. Ke4 d5+ 29. exd6 Kxd6 30. Re3 Re8+ 31. Kd3 Rxe3+ 32. fxe3 c5
33. dxc5+ Kxc5 34. Kc3 a5 35. Kd3 Kd5 36. b3 b4 37. e4+ Ke5 38. Ke3 g6 39. Kd3
Kf4 40. Kc4 Kxe4 41. Kb5 f5 42. gxf5 gxf5 43. Kxa5 f4 44. Kxb4 f3 45. a4 f2
46. Ka5 f1=Q 47. b4 Qf5+ 48. b5 Qe5 49. Ka6 Qxh2 50. b6 Qb8 51. b7 g4 {#R} 0-1

[Event "BCC #5"]
[Site "Boise, ID"]
[Date "2014.11.22"]
[Round "2.4"]
[White "Hunter, Roger J"]
[Black "Siek, Justin"]
[Result "1/2-1/2"]
[WhiteElo "1101"]
[BlackElo "925"]
[EventRounds "4"]
[EventCountry "USA"]

1. e4 e5 2. Nf3 Nc6 3. d4 exd4 4. Nxd4 Bc5 5. Be3 Bb6 6. Nxc6 bxc6 7. Bxb6
cxb6 8. Qd4 Nf6 9. Qe5+ Qe7 10. Qxe7+ Kxe7 11. Bd3 d5 12. exd5 Nxd5 13. O-O
Re8 14. Re1+ Kf8 15. Nd2 Bd7 16. Kf1 Re7 17. Rxe7 Nxe7 18. Re1 Re8 19. Ne4 Bf5
20. f3 Bxe4 21. Bxe4 c5 22. Kf2 f5 23. Bd3 g6 24. f4 Nc6 25. Rxe8+ Kxe8 26.
Bb5 Kd7 27. Kg3 Kd6 28. Bxc6 Kxc6 29. Kh4 h6 30. g4 fxg4 31. Kxg4 Kd6 32. f5
gxf5+ 33. Kxf5 a5 34. h4 b5 35. h5 a4 36. a3 c4 37. Kg6 Ke6 38. Kxh6 Kf6 39.
c3 Kf7 40. Kh7 Kf6 41. h6 Kf7 {#d} 1/2-1/2

[Event "BCC #5"]
[Site "Boise, ID"]
[Date "2014.11.22"]
[Round "3.2"]
[White "Hunter, Roger J"]
[Black "Booth, Tom R"]
[Result "0-1"]
[WhiteElo "1101"]
[BlackElo "1580"]
[EventRounds "4"]
[EventCountry "USA"]

1. e4 e6 2. d4 d5 3. e5 c5 4. c3 Nc6 5. Nf3 Qb6 6. Be2 cxd4 7. cxd4 Nge7 8.
O-O Bd7 9. b3 Rc8 10. Bb2 Ng6 11. Nc3 Be7 12. Rc1 O-O 13. a3 Na5 14. b4 Nc4
15. Bxc4 Rxc4 16. Qd3 Rfc8 17. Ne2 Bb5 18. Rxc4 Rxc4 19. Nc3 Bd7 20. g3 Qc7
21. Rc1 Qd8 22. h4 h5 23. Ne2 Rxc1+ 24. Bxc1 Qc7 25. Bg5 Bxg5 26. Nxg5 a6 27.
Qf3 Be8 28. Qxh5 Nf8 29. Nf4 Qd7 30. Kg2 f6 31. Qg4 fxg5 32. Qxg5 Nh7 33. Qg4
Qf7 34. h5 Qf5 35. Qxf5 exf5 36. Nxd5 Bc6 {#R} 0-1

[Event "BCC #5"]
[Site "Boise, ID"]
[Date "2014.11.22"]
[Round "4.5"]
[White "White, Matthew William"]
[Black "Hunter, Roger J"]
[Result "1-0"]
[WhiteElo "1203"]
[BlackElo "1101"]
[EventRounds "4"]
[EventCountry "USA"]

1. e4 e5 2. Nf3 Nc6 3. d4 exd4 4. Nxd4 Bc5 5. Nxc6 Qf6 6. f3 Qxc6 7. Nc3 Nf6
8. Bb5 Qb6 9. Qd3 c6 10. e5 Nd5 11. Nxd5 cxb5 {#r} 1-0

[Event "Western Idaho Open (Reserve)"]
[Site "Boise, ID"]
[Date "2014.12.13"]
[Round "1.203"]
[White "Nathan, Oliver Eli"]
[Black "Hunter, Roger"]
[Result "0-1"]
[WhiteElo "462"]
[BlackElo "1112"]
[EventRounds "5"]
[EventCountry "USA"]

1. e4 e5 2. Nf3 Nc6 3. Nc3 Bc5 4. Bb5 a6 5. Bxc6 dxc6 6. d3 Bg4 7. Bg5 Bxf3 8.
Bxd8 Bxd1 9. Nxd1 Rxd8 10. O-O Nf6 11. c3 Rxd3 12. b4 Ba7 13. Re1 O-O 14. Re3
Bxe3 15. fxe3 Rfd8 16. Nf2 Rxe3 17. Rb1 Nxe4 18. Nxe4 Rxe4 19. Rf1 Re2 20. a3
Red2 21. a4 Rd1 22. Rxd1 Rxd1+ 23. Kf2 Rc1 24. a5 Rxc3 25. Ke2 Rb3 26. h3 Rxb4
27. Kf1 c5 28. Kg1 c4 29. Kf1 c3 30. Ke1 Rd4 {#R} 0-1